000 00382nam a2200145Ia 4500
008 230917s9999||||xx |||||||||||||| ||und||
040 _e3619
_aMAIN
041 _aEnglish
082 _a320.91724 A68P
100 _aAlmond, Gabriel A
245 0 _aPolitics of the developing areas
260 _aPrinceton
_bPrinceton Univeristy Press
_c1970
300 _axii, 593 p.
942 _cBK
999 _c149223
_d149223